000 002420000a22000970004500
100 1 _aLam, Timothy
245 1 0 _aBetween a rock and a hard place
300 _aVol. 16, Núm 62 (1990), Páginas 19
773 0 _tWorld Evangelization
942 _cANA
999 _c57825
_d57825